000 00596nam a22001937a 4500
005 20250624144412.0
010 _aENG-145544
020 _a9788173731050
_c500.00
035 _aEN-129076
037 _bDBAD
082 _a305.513
_21
245 _aBharath:
_bAn Epic of the Dungri Bhils/
_cEdited by Bhagwan Das Patel
250 _a1
260 _aMysore
_bCentral Institute of Indian Language
_c2012
270 _aManasagangotri P. O. Hunsur Road
_bMysore
_e570006
300 _a426p.
_c21cm.(Pb)
700 _aPatel, Bhagwandas
_982297
942 _2ddc
_cEN
_h305.513
_mBHA
_e1
999 _c211926
_d211926